| 000 | 00349pab a2200145 454500 | ||
|---|---|---|---|
| 008 | 180718b1997 xxu||||| |||| 00| 0 eng d | ||
| 100 | _aGuha Roy, Jaytilak | ||
| 245 | _aJudicial creativity: its expanding horizons | ||
| 260 | _c1997 | ||
| 300 | _ap.43-49 | ||
| 362 | _aApr-Jun | ||
| 650 | _aJudiciary | ||
| 773 | _aAdministrator | ||
| 909 | _a37606 | ||
| 999 |
_c37606 _d37606 |
||